ბათუმის შოთა რუსთაველის სახელმწიფო უნივერსიტეტის ბიბლიოთეკა

Алгебра многочленов (ბიბ.ჩანაწერი № 48171)

000 -LEADER
fixed length control field 00481nam a2200193Ia 4500
001 - CONTROL NUMBER
control field 15053
003 - CONTROL NUMBER IDENTIFIER
control field GE_BSU
008 - FIXED-LENGTH DATA ELEMENTS--GENERAL INFORMATION
fixed length control field 181216s||||||||xx |||||||||||||| ||und||
040 ## - CATALOGING SOURCE
Transcribing agency GE_BSU
080 ## - UNIVERSAL DECIMAL CLASSIFICATION NUMBER
Universal Decimal Classification number 512+511
100 ## - MAIN ENTRY--PERSONAL NAME
Personal name Винберг,Э.Б.
245 ## - TITLE STATEMENT
Title Алгебра многочленов
260 ## - PUBLICATION, DISTRIBUTION, ETC.
Place of publication, distribution, etc. Москва
260 ## - PUBLICATION, DISTRIBUTION, ETC.
Name of publisher, distributor, etc. Просвещение.
260 ## - PUBLICATION, DISTRIBUTION, ETC.
Date of publication, distribution, etc. 1980
300 ## - PHYSICAL DESCRIPTION
Extent 174стр.22см.
653 ## - INDEX TERM--UNCONTROLLED
Uncontrolled term Алгебра многочленов
942 ## - ADDED ENTRY ELEMENTS (KOHA)
Koha item type წიგნი
ეგზემპლარები
Withdrawn status Lost status Damaged status Not for loan Date acquired Barcode Date last seen Price effective from Koha item type
        2018-12-17 16903 2018-12-17 2018-12-17 წიგნი
        2018-12-17 16904 2018-12-17 2018-12-17 წიგნი
        2018-12-17 16905 2018-12-17 2018-12-17 წიგნი